000 01265nam a22002897a 4500
999 _c63834
_d63834
005 20240530110701.0
008 171225s2014 ua a g b 000 0dara d
017 _a2013/1773
_bمصر. دار الكتب
020 _a9789774487316
040 _aEG-CaGPL
_cEG-CaGPL
082 0 4 _221
_a907.2
_bق/ج م
100 1 _aجورمان ، انتونى
245 1 2 _aالمؤرخون والدولة والسياسة فى مصر القرن العشرين :
_cحول تشكيل هوية الامة /
_bتأليف انتونى جورمان ؛ ترجمة محمود شعبان عزاز ؛ مراجعة وتقديم احمد زكريا الشلق .
250 _aط.1
260 _aالقاهرة :
_bالمركز القومى للترجمة ،
_c2014 .
300 _a439 ص. ؛
_c24 سم.
490 _aالمركز القومى للترجمة ؛
_v2257
600 0 _aاحمد عزت عبدالكريم
650 0 7 _2qrmak
_aالمؤرخون
650 0 7 _2qrmak
_aالليبرالية
_zمصر
650 0 7 _2qrmak
_aالراديكالية
651 _2qrmak
700 0 _aمحمود شعبان عزاز
_eمترجم
700 0 _aاحمد زكريا الشلق
_eمراجع ومقدم
942 _2ddc
_cBK